000 01223cam a22003737a 4500
003 CHAP
005 20220329142344.0
008 00091 d1997 mx a r 00110 esp d
010 _a82262
011 _a83234
020 _a9706380159
035 _a93745
040 _cCHAP
082 0 4 _a100
_bM4 1997
100 0 0 _aMéndez González, Luz del Carmen.
_976505
245 1 0 _aFilosofía
_c/por Luz del Carmen Méndez González, Hilda Velásquez Barragán y Leonor Pérez Nowaihed.
250 _a4 ed.
260 _aMéxico, D.F. :
_bNueva Imagen,
_c1997.
300 _a184 p. :
_bilus.
490 0 _aCol. Bachiller
590 _aBATCH-UPD
_b10
_c20130110
_lUCH01
_h0742
590 _aBATCH-UPD
_b10
_c20130110
_lUCH01
_h2350
590 _aBATCH-UPD
_b10
_c20130410
_lUCH01
_h0424
590 _aBATCH-UPD
_b10
_c20130914
_lUCH01
_h1001
590 _aCONVERSION
_b10
_c20130109
_lUCH01
_h1346
650 1 4 _aFilosofía.
_940890
700 0 _aPérez Nowaihed, Leonor.
_989888
700 0 _aVelásquez Barragán, Hilda.
_9118483
830 0 0 _aCol. Bachiller
_924514
901 _aBK
905 _aPatricia Mendoza P.
942 _cLIBRO
949 _a100 M4 1997
_bBC
_cLIBRO
_d33724000791968
_eLIBRO
_gI. c/e
_h98642
_i93745
_si
_t$90
999 _c82262
_d82262